Principles and methods of adapted physical education and recreation (Record no. 7477)

MARC details
000 -LEADER
fixed length control field 00790nam a22002297a 4500
003 - CONTROL NUMBER IDENTIFIER
control field OSt
005 - DATE AND TIME OF LATEST TRANSACTION
control field 20260116030155.0
008 - FIXED-LENGTH DATA ELEMENTS--GENERAL INFORMATION
fixed length control field 260116b |||||||| |||| 00| 0 eng d
020 ## - INTERNATIONAL STANDARD BOOK NUMBER
International Standard Book Number 0-07-232926-2
040 ## - CATALOGING SOURCE
Original cataloging agency DWC-Main lib
Transcribing agency OC
082 ## - DEWEY DECIMAL CLASSIFICATION NUMBER
Classification number Circ. 371.904486 Au943 2001
100 ## - MAIN ENTRY--PERSONAL NAME
Personal name Auxter, D.
245 ## - TITLE STATEMENT
Title Principles and methods of adapted physical education and recreation
Statement of responsibility, etc. Auxter, David
260 ## - PUBLICATION, DISTRIBUTION, ETC.
Place of publication, distribution, etc. Boston :
Name of publisher, distributor, etc. McGraw-Hill,
Date of publication, distribution, etc. c2001
300 ## - PHYSICAL DESCRIPTION
Extent xviii, 718 pages ;
Dimensions 24 cm.
504 ## - BIBLIOGRAPHY, ETC. NOTE
Bibliography, etc. note Includes index
650 ## - SUBJECT ADDED ENTRY--TOPICAL TERM
Source of heading or term Handicapped children - Recreation - U.S.
650 ## - SUBJECT ADDED ENTRY--TOPICAL TERM
Source of heading or term Physical education for handicapped children
700 ## - ADDED ENTRY--PERSONAL NAME
Personal name Pyfer, Jean
700 ## - ADDED ENTRY--PERSONAL NAME
Personal name Huettig, Carol
942 ## - ADDED ENTRY ELEMENTS (KOHA)
Source of classification or shelving scheme Dewey Decimal Classification
Koha item type Book Circulation
Classification part Circ. 371.904486 Au943 2001
Call number prefix Circ.
Suppress in OPAC No
952 ## - LOCATION AND ITEM INFORMATION (KOHA)
--
Holdings
Withdrawn status Lost status Source of classification or shelving scheme Damaged status Not for loan Home library Current library Shelving location Date acquired Source of acquisition Total Checkouts Full call number Barcode Date last seen Copy number Price effective from Koha item type Uniform Resource Identifier
    Dewey Decimal Classification     College Library College Library Circulation 08/01/2005 Donation   Circ. 371.904486 Au943 2001 CL42149 01/16/2026 c2 01/16/2026 BK-CIRC